000 00814nam a2200241Ia 4500
003 OSt
005 20221005113442.0
006 a|||||r|||| 00| 0
007 ta
008 221004b |||||||| |||| 00| 0 eng d
020 _c100
024 _a95170
037 _b216, 01/01/2009, H.K. Prakashan
_cTextual
040 _aCRL
_cCRL
_beng
041 _2eng
_aeng
082 _aO153,2NAU,NS, P3
100 _aਔਲਖ, ਅਜਮੇਰ ਸਿੰਘ
245 0 _aਨਿੱਕੇ ਸੂਰਜਾਂ ਦੀ ਲੜਾਈ
260 _aਲੁਧਿਆਣਾ
_bਚੇਤਨਾ ਪ੍ਰਕਾਨ ਭਾਰਤ
_c2003
300 _a127ਪੰ
_ccm.
942 _hO153,2NAU,NS, P3
_cTEXL
_2cc
999 _c1028235
_d1028235